| 000 | 00857nam a2200193 a 4500 | ||
|---|---|---|---|
| 008 | 120416s1992 ||||||||||||||||| || u | ||
| 020 | _a0750608110 | ||
| 050 | _aTS 155.6 Wea | ||
| 100 | _aWeatherall, Alan | ||
| 245 | 1 | 0 | _aComputer integrated manufacturing: a total company competitive strategy |
| 250 | _a2nd ed. | ||
| 260 |
_aLondon: _bButterworth-Heinemann _c1992 |
||
| 300 | _axiii, 323p.: ill | ||
| 350 | _a0.00 | ||
| 500 | _aIncludes bibliographical references and index. | ||
| 650 | _aCOMPUTER INTEGRATED MANUFACTURING SYSTEMS | ||
| 995 |
_aMAIN LIBRARY OPEN ACCESS _D0.00 _e018452 _FCBU-MAIN LIBRARY (Kitwe) _H1 _I95.00 _jTS 155.6 Wea _UAVAILABLE _y018452 _ZMain Library Open Access Collection |
||
| 995 |
_aMAIN LIBRARY OPEN ACCESS _D0.00 _e47877 _FCBU-MAIN LIBRARY (Kitwe) _H2 _I95.00 _jTS 155.6 Wea _UAVAILABLE _y47877 _ZMain Library Open Access Collection |
||
| 999 |
_c79658 _d79658 |
||